Мост към бъдещето (Запис номер 427532)
[ съкратено ]
| 000 -Лидер | |
|---|---|
| Контролно поле с фиксирана дължина | 03191nam a2200553 c 4500 |
| 003 - Код на организацията, давaща контролен номер | |
| Контролно поле | BLK |
| 005 - Дата и час на последна редакция | |
| Контролно поле | 20210809160215.0 |
| 008 - Елементи от данни с фиксирана дължина | |
| fixed length control field | 200311b bul|||||r ||||||| ||bul|| |
| 040 ## - Източник на каталожния запис | |
| Идентификатор на билиотеката - собственик на записа | BLK |
| 041 ## - Код за език | |
| Код за езика на текст/звукозапис или на отделно заглавие | Български |
| Код за езика КДБФ | Български |
| 080 ## - УДК | |
| Текстов определител УДК | Немска литература |
| УДК код - определител по УДК | 821.112.2 |
| УДК - код + определител | 821.112.2-32 |
| 245 10 - Сведения за заглавието | |
| Заглавие | Мост към бъдещето |
| Подзаглавни данни | Разкази за нова Германия |
| Редно поле (дума) | Подбор и предг. от Любомир Огнянов; |
| 257 ## - Страна на издаване | |
| Страна на създаване/издаване | България |
| 260 ## - Област на издателските данни | |
| Място на издаване, разпространение и проч. | София |
| Име на издателя, разпространителя и проч. | Нар. култура |
| Година на издаване | 1954 |
| 300 ## - Физическа характеристика | |
| Страници | 346 с. |
| Размери/Мащаб | 21 см |
| 380 ## - Жанр | |
| Жанр | Худож. лит. |
| 500 ## - Общи забележки | |
| Забележка | Други авт.: Аугуст Хилд, Клаус Маршке, Вили Бредел, Карл Винтер, Бено Плудра, Ана Зегерс, Паул Кьорнер-Шродер, Ервин Райман, Херберт Лангер, Карла-Угуст Курт, Ханс Лорбер, Розмари Руте-Дийн, Готхолд Глогер, Бодо Узе, Ернс Киршкек-Фрайслих, Едуард Билеке, Хайнц Руш, Дитер Нол. 3 000 тир. 12 лв. |
| 700 ## - Други автори (авторска отговорност) | |
| Лично име | Огнянов, Любомир Василев |
| 9 (RLIN) | 878 |
| Автороска отговорност (Описва отношението между автора и произведението) | подб. |
| 700 1# - Други автори (авторска отговорност) | |
| Лично име | Хилд, Аугуст |
| 9 (RLIN) | 419696 |
| 700 1# - Други автори (авторска отговорност) | |
| Лично име | Маршке, Клаус |
| 9 (RLIN) | 419697 |
| 700 1# - Други автори (авторска отговорност) | |
| Лично име | Бредел, Вили |
| 9 (RLIN) | 43147 |
| 700 1# - Други автори (авторска отговорност) | |
| Лично име | Винтер, Карл |
| 9 (RLIN) | 419698 |
| 700 1# - Други автори (авторска отговорност) | |
| Лично име | Плудра, Бено |
| 9 (RLIN) | 111202 |
| 700 1# - Други автори (авторска отговорност) | |
| Лично име | Зегерс, Ана |
| 9 (RLIN) | 69566 |
| 700 1# - Други автори (авторска отговорност) | |
| Лично име | Кьорнер-Шродер, Паул |
| 9 (RLIN) | 419699 |
| 700 1# - Други автори (авторска отговорност) | |
| Лично име | Райман, Ервин |
| 9 (RLIN) | 419700 |
| 700 1# - Други автори (авторска отговорност) | |
| Лично име | Лангер, Херберт |
| 9 (RLIN) | 419701 |
| 700 1# - Други автори (авторска отговорност) | |
| Лично име | Курт, Карла-Угуст |
| 9 (RLIN) | 419702 |
| 700 1# - Други автори (авторска отговорност) | |
| Лично име | Лорбер, Ханс |
| 9 (RLIN) | 89560 |
| 700 1# - Други автори (авторска отговорност) | |
| Лично име | Руте-Дийн, Розмари |
| 9 (RLIN) | 419703 |
| 700 1# - Други автори (авторска отговорност) | |
| Лично име | Глогер, Готхолд |
| 9 (RLIN) | 54432 |
| 700 1# - Други автори (авторска отговорност) | |
| Лично име | Узе, Бодо |
| 9 (RLIN) | 411811 |
| 700 1# - Други автори (авторска отговорност) | |
| Лично име | Киршкек-Фрайслих, Ернст |
| 9 (RLIN) | 419704 |
| 700 1# - Други автори (авторска отговорност) | |
| Лично име | Билеке, Едуард |
| 9 (RLIN) | 419705 |
| 700 1# - Други автори (авторска отговорност) | |
| Лично име | Руш, Хайнц |
| 9 (RLIN) | 419706 |
| 700 1# - Други автори (авторска отговорност) | |
| Лично име | Нол, Дитер |
| 9 (RLIN) | 419707 |
| 852 ## - Местоположение | |
| Форматна сигнатура | Цб 8.205.50589 |
| 999 ## - СИСТЕМНИ КОНТРОЛНИ НОМЕРА | |
| Koha biblionumber | 427532 |
| Koha biblioitemnumber | 427532 |
| 942 ## - АРТИКУЛИ | |
| Вид на библиотечния материал | Книги |
| Скрит в OPAC | Не |
| Източник на класификационната схема | Universal Decimal Classification |
| Периодичен библиозапис | Да |
| 944 ## - СЪЗДАВАНЕ И РЕДАКЦИЯ на ЗАПИСА | |
| Създаване/Редакция | Създаване |
| Служител, извършил регистрацията/редакцията | в.т. |
| Код за отписване | Код за изгубен артикул | Източник на класификационната схема | Код за повреда | Коз за рестрикции | Код за отдаване | Артикулен № | Име на библиотеката - собственик | Име на библиотеката, в която се намира в момента | Статус (Текущо местоположение) | Дата на вписване в системата | Местоположение - отдел | Цена в лева | Инвентарен номер | Систематично азбучна сигнатура | Баркод | Цена в евро | Служебен тип на артикула |
|---|---|---|---|---|---|---|---|---|---|---|---|---|---|---|---|---|---|
| Не е изгубен | Universal Decimal Classification | Не е повреден | само за читалня | ползва се в читалня | 847662 | Регионална библиотека "Любен Каравелов" Русе | Регионална библиотека "Любен Каравелов" Русе | Хранилище | 2021-08-10 | Основен фонд - ползва се само за читалня | 1.20 | 12363/63 | Цб 8.205.50589 | 900000073257 | 0.61 | Книги |